Dobrý človek už nežije

Podrobná bibliografia
Hlavný autor: Prokešová-Vaškorová, Vlasta (Autor)
Médium: Článok
Jazyk:slovenčina
PhysicalDescription:Fot. 3.
Predmet:

MARC

LEADER 00000nab a2200000 a 4500
001 vtls000470177
003 SK-MaSNL
005 20260303001246.0
008 160216c1992 xo 0 slo
015 |a SNBRB19rr/mm-uuuuu 
035 |a CL0470310 
040 |a SNKBUCL  |b slo  |c SNKBUCL  |e AACR2 
041 0 |a slo 
044 |a xo  |c SK 
080 |a 32-051  |2 1981 
080 |a 929 Dubček, Alexander  |2 1981 
100 1 |a Prokešová-Vaškorová, Vlasta  |4 aut  |9 960785 
245 1 0 |a Dobrý človek už nežije  |c Vlasta Prokešová-Vaškorová 
300 |b Fot. 3. 
600 1 7 |a Dubček, Alexander,  |d 1921-1992  |2 snkbucl  |9 115229 
655 7 |a články z novín a časopisov  |2 snkbucl  |9 267496 
773 0 |t Denný Telegraf  |g Roč. 1, č. 33 (9. 11. 1992), s. 1 a 2 
850 |a Slovenská národná knižnica v Martine  |a MTA001 
852 |a SNK  |b KIS3GCP 
958 |a BX 
958 |a RK 
992 |a RBX 
999 |c 1562575  |d 1564505